<?xml version="1.0" encoding="UTF-8"?>
<record
    xmlns:xsi="http://www.w3.org/2001/XMLSchema-instance"
    xsi:schemaLocation="http://www.loc.gov/MARC21/slim http://www.loc.gov/standards/marcxml/schema/MARC21slim.xsd"
    xmlns="http://www.loc.gov/MARC21/slim">

  <leader>02775cam a2200373 a 4500</leader>
  <datafield tag="999" ind1=" " ind2=" ">
    <subfield code="c">27470</subfield>
    <subfield code="d">27470</subfield>
  </datafield>
  <controlfield tag="001">16240998</controlfield>
  <controlfield tag="005">20170208150556.0</controlfield>
  <controlfield tag="008">100518s2012    maua     b    001 0 eng  </controlfield>
  <datafield tag="010" ind1=" " ind2=" ">
    <subfield code="a">  2010929007</subfield>
  </datafield>
  <datafield tag="020" ind1=" " ind2=" ">
    <subfield code="a">9780312593469 (hardcover)</subfield>
  </datafield>
  <datafield tag="020" ind1=" " ind2=" ">
    <subfield code="a">0312593465 (hardcover)</subfield>
  </datafield>
  <datafield tag="020" ind1=" " ind2=" ">
    <subfield code="a">0312663110 (DVD)</subfield>
  </datafield>
  <datafield tag="020" ind1=" " ind2=" ">
    <subfield code="a">9780312663117 (DVD)</subfield>
  </datafield>
  <datafield tag="028" ind1="4" ind2="1">
    <subfield code="a">ADV 780778</subfield>
    <subfield code="b">Sony Music (DVD video)</subfield>
  </datafield>
  <datafield tag="042" ind1=" " ind2=" ">
    <subfield code="a">pcc</subfield>
  </datafield>
  <datafield tag="050" ind1="0" ind2="0">
    <subfield code="a">MT6 .K365 2012</subfield>
  </datafield>
  <datafield tag="100" ind1="1" ind2=" ">
    <subfield code="a">Kerman, Joseph,</subfield>
    <subfield code="d">1924-2014.</subfield>
  </datafield>
  <datafield tag="245" ind1="1" ind2="0">
    <subfield code="a">Listen /</subfield>
    <subfield code="c">Joseph Kerman, Gary Tomlinson ;  with Vivian Kerman.</subfield>
  </datafield>
  <datafield tag="250" ind1=" " ind2=" ">
    <subfield code="a">7th ed.</subfield>
  </datafield>
  <datafield tag="260" ind1=" " ind2=" ">
    <subfield code="a">Boston :</subfield>
    <subfield code="b">Bedford/St. Martin's,</subfield>
    <subfield code="c">c2012.</subfield>
  </datafield>
  <datafield tag="300" ind1=" " ind2=" ">
    <subfield code="a">xxix, 442 p. :</subfield>
    <subfield code="b">ill. ;</subfield>
    <subfield code="c">28 cm. +</subfield>
    <subfield code="e">1 videodisc (DVD : sd., col. ; 4 3/4 in.)</subfield>
  </datafield>
  <datafield tag="500" ind1=" " ind2=" ">
    <subfield code="a">DVD contains 30 minutes of video excerpts and 16 audio tracks, keyed to the text.</subfield>
  </datafield>
  <datafield tag="504" ind1=" " ind2=" ">
    <subfield code="a">Includes bibliographical references, index and glossary.</subfield>
  </datafield>
  <datafield tag="505" ind1="0" ind2=" ">
    <subfield code="a">Preface: To the instructor -- Introduction: To the student -- unit I. Fundamentals. Prelude: A musical thunderstorm / by Richard Wagner ; ch. 1. Rhythm, meter, and tempo ; ch. 2. Pitch, dynamics, and tone color ; ch. 3. Scales and melody ; ch. 4. Harmony, texture, tonality, and mode ; ch. 5. Musical form and musical style -- unit II. Early music: an overview. ch. 6. The Middle Ages ; ch. 7. The Renaissance ; ch. 8. The early Baroque period -- unit III. The eighteenth century. ch. 9. Prelude: The late Baroque period ; ch. 10. Baroque instrumental music ; ch. 11. Baroque vocal music ; ch. 12. Prelude: Music and the Enlightenment ; ch. 13. The symphony ; ch. 14. Other classical genres -- unit IV. The nineteenth century. ch. 15. Beethoven ; ch. 16. Prelude: Music after Beethoven: Romanticism ; ch. 17. The early Romantics ; ch. 18. Romantic opera ; ch. 19. The late Romantics -- unit V. The twentieth century and beyond. ch. 20. Prelude: Music and Modernism ; ch. 21. Early Modernism ; ch. 22. Alternatives to Modernism ; ch. 23. The late twentieth century ; ch. 24. Music in America: jazz and beyond -- Appendix A. Time lines -- Appendix B. Musical notation -- Glossary of musical terms.</subfield>
  </datafield>
  <datafield tag="650" ind1=" " ind2="0">
    <subfield code="a">Music appreciation.</subfield>
  </datafield>
  <datafield tag="700" ind1="1" ind2=" ">
    <subfield code="a">Tomlinson, Gary.</subfield>
  </datafield>
  <datafield tag="700" ind1="1" ind2=" ">
    <subfield code="a">Kerman, Vivian.</subfield>
  </datafield>
  <datafield tag="942" ind1=" " ind2=" ">
    <subfield code="2">lcc</subfield>
    <subfield code="c">BOOKS</subfield>
  </datafield>
  <datafield tag="952" ind1=" " ind2=" ">
    <subfield code="0">0</subfield>
    <subfield code="1">0</subfield>
    <subfield code="2">lcc</subfield>
    <subfield code="4">0</subfield>
    <subfield code="7">0</subfield>
    <subfield code="a">MUC</subfield>
    <subfield code="b">MUC</subfield>
    <subfield code="c">TECH</subfield>
    <subfield code="d">2017-02-08</subfield>
    <subfield code="e">Donation(BFA)</subfield>
    <subfield code="l">0</subfield>
    <subfield code="o">MT6 .K365 2012</subfield>
    <subfield code="p">35157</subfield>
    <subfield code="r">2018-07-10</subfield>
    <subfield code="w">2017-02-08</subfield>
    <subfield code="y">BOOKS</subfield>
  </datafield>
</record>
